00461nam a2200145 a 450000500170000000800410001702000060005805000180006410000190008224500440010126000350014544000180018099900190019895200980021720140414131905.0100902s19uu xx 00 eng d a  aFICbM46 2005 aMeadows, Daisy aSky the blue fairy /cby Daisy Meadows. aNew York :bScholastic,c2005. aRainbow magic c110878d110878 001040aMUbMUcFICd2010-09-24l0oFIC M46 2005pM1400r2014-04-14 00:00:00w2014-04-14yBK